| 000 | 00341 a2200145 4500 | ||
|---|---|---|---|
| 001 | 170964 | ||
| 020 | _a | ||
| 040 | _cMagnum | ||
| 100 | _aColegio Magnum Agostiniano - 2ยช Series | ||
| 240 | 1 | 0 |
_aCidades historicas mineiras _lpor |
| 245 | 1 | 0 | _aCidades historicas mineiras |
| 362 | 0 | _a1899 | |
| 697 | _aORGANIZACAO SOCIAL | ||
| 942 | _cBK | ||
| 999 |
_c170964 _d170964 |
||